Vista normal
Vista MARC
Entrada Nombre Personal
Número de registros utilizados en: 2
001 - Número de Control
- control field: 42589
003 - Identificador de Número de Control
- control field: EC-QuCCB
005 - Fecha y Hora de la última transacción
- Campo de Control: 20230908125739.0
008 - Elementos de Datos de Longitud Fija
- fixed length control field: 230908|| aca||aabn | a|a d
040 ## - Origen de la Catalagación
- Agencia catalogadora original: EC-QuCCB
- Idioma de la catalogación: spa
100 1# - Asiento Principal--Nombre Personal
- Nombre personal :: Galán, Ana,
- Fecha asociadas con el Nombre : : 1964-
400 0# - Trazado Véase Desde -- Nombre Personal
- Nombre Personal: Ana Galán,
- Título y otras palabras asociadas con un nombre : : escritora española,
400 1# - Trazado Véase Desde -- Nombre Personal
- Nombre Personal: Salas, Macarena,
- Fechas asociadas con un nombre : : 1964-
400 1# - Trazado Véase Desde -- Nombre Personal
- Nombre Personal: Álvarez-Salas Mier, Ana María Macarena,
- Fechas asociadas con un nombre : : 1964-
670 ## - Fuente de la Información Encontrada
- Fuente citada :: La marmota Pancha y el zorro, 2015:
- Informacion encontrada :: (Salas, Macarena, traductora)
670 ## - Fuente de la Información Encontrada
- Fuente citada :: VIAF
- Informacion encontrada :: Galán, Ana, 1964-
- Informacion encontrada :: Ana Galán, escritora española,
- Informacion encontrada :: Salas, Macarena, 1964-
- Informacion encontrada :: Álvarez-Salas Mier, Ana María Macarena, 1964-
- Identificador Uniforme de Recursos :: https://viaf.org/viaf/19155189/#Gal%C3%A1n,_Ana,_1964-























